000 00344nam a2200145Ia 4500
005 20251222140037.0
008 251222s1900||||xx |||||||||||||| ||spa||
020 _a9786034529830
082 _a269.2/C93
100 _aCuadro Moreno, Osvaldo
245 0 _aEl Manual del Evangelizador:
250 _a1ra.ed.
264 _bTestigos
942 _cLIB
999 _c3145
_d3145